Quizzes
Events
Quiz Creation
Community
Videos
Private Events
Remove Ads
Sign In
Join for FREE
Feedback
Dark Mode
Quiz Categories
Sports
Geography
Music
Movies
Television
Just For Fun
Miscellaneous
History
Literature
Language
Science
Gaming
Entertainment
Religion
Holiday
For Kids
Quiz Lab
Recent
Popular Today
Quiz Kudos Today
Editor Picks
Curator Picks
Quizzes by...
Day
Popularity
Type
Ratings
Length
Year
Community
Subscriptions
Recent Discussions
Orange Saloon
Badges
Playlists
Quests
Create
Leaderboards
Showdown
Live 5
Trivia Bingo
Activity
Puzzle Library
Sporcle Events
Private Events
Virtual Trivia
Globe League
Become a Host
Pub Owners
SporcleCon
Opinionation
Our Games
Videos
Blog
Mobile Apps
Partnerships
Remove Ads and Go Orange
Feedback
Sports
Athletes
MLB
NBA
NHL
NFL
Soccer
Sports Teams
WWE
NCAA
Football
Premier League
Basketball
Baseball
Hockey
Golf
Tennis
Cricket
Rugby
Auto Racing
Olympics
World Cup
Sports
Athletes
MLB
NBA
NHL
NFL
Soccer
Sports Teams
WWE
NCAA
Football
Premier League
Basketball
Baseball
Hockey
Golf
Tennis
Cricket
Rugby
Auto Racing
Olympics
World Cup
Random Quiz
Search Sporcle
×
Quiz Lab
Quiz Lab
Sports
Premier League
Type in answers that appear in a list
Type in answers that appear in a list
Classic
Best Score? Go Orange.
Every Premier League Footballer - C Stats
Can you name the premier league footballers (1992-present) whose surname begins with the letter C?
By
salifou
20m
212 Questions
2,546 Plays
2,546 Plays
2,546 Plays
Comments
Comments
Give Quiz Kudos
Give Quiz Kudos
-
- Ratings
hide this ad
More Info
Replay
Link that replays current quiz
Next Quiz
Link to next quiz in quiz playlist
You Got
0%
They Got
Avg Score
27%
Avg Friend Score
Upgrade to see
Score Distribution
Jump to the score distribution portion of the page
Score
0/212
Timer
20:00
0
Plays Today
Club
Player
% Correct
Arsenal
Ashley Cole
91.5%
Man Utd
Andrew Cole
91.5%
West Ham
Carlton Cole
91.5%
Chelsea
Joe Cole
91.5%
Tottenham
Stephen Carr
85.2%
Sheffield Utd
Franz Carr
85.2%
Liverpool
Jamie Carragher
71.7%
Sunderland
Fraizer Campbell
71%
Middlesbrough
Andy Campbell
71%
Leicester
Stuart Campbell
71%
Tottenham
Sol Campbell
71%
Everton
Kevin Campbell
71%
Blackpool
DJ Campbell
71%
Man Utd
Michael Carrick
60.4%
Bolton
Gary Cahill
56.7%
Everton
Tim Cahill
56.7%
Sunderland
Danny Collins
56.6%
Aston Villa
James Collins
56.6%
Man Utd
Eric Cantona
56.4%
Sheffield Wednesday
Wayne Collins
56.4%
Everton
John Collins
56.4%
Aston Villa
Ciaran Clark
56%
Newcastle
Lee Clark
56%
Sunderland
Ben Clark
55.9%
Chelsea
Petr Cech
53.2%
West Brom
Marek Cech
53.2%
Everton
Seamus Coleman
52.5%
Crystal Palace
Chris Coleman
52.5%
Chelsea
Steve Clarke
52.4%
Wimbledon
Andy Clarke
52.4%
Everton
Peter Clarke
52.3%
Bradford
Matt Clarke
52.3%
Sheffield Wednesday
Simon Coleman
52.3%
West Ham
Clive Clarke
52.2%
Arsenal
Adrian Clarke
52.2%
Middlesbrough
Colin Cooper
48%
Hull
Liam Cooper
47.9%
Wolves
Kevin Cooper
47.8%
Liverpool
Peter Crouch
47.3%
Liverpool
Stan Collymore
47.2%
Birmingham
Darren Carter
47%
Arsenal
Jimmy Carter
46.8%
Man Utd
Roy Carroll
46.7%
Newcastle
Andrew Carroll
46.7%
West Brom
Scott Carson
44.6%
Leeds
Zoumana Camara
42.7%
Wigan
Henri Camara
42.7%
Derby
Mohammed Camara
42.7%
Liverpool
Titi Camara
42.7%
Birmingham
Aliou Cisse
42.4%
Reading
Kalifa Cisse
42.4%
West Ham
Edouard Cisse
42.4%
Liverpool
Djibril Cisse
42.4%
Aston Villa
Gary Charles
41%
QPR
Lee Charles
40.9%
Chelsea
Carlo Cudicini
40.8%
Southampton
Simon Charlton
39%
Wimbledon
Carl Cort
37.7%
Burnley
Leon Cort
37.7%
Middlesbrough
Lee Cattermole
37.5%
Leicester
Tony Cottee
36.3%
Arsenal
Pascal Cygan
36.1%
Everton
Lee Carsley
35.5%
Derby
Matt Carbon
34.2%
Newcastle
Yohan Cabaye
34.1%
Wigan
Gary Caldwell
33.6%
Newcastle
Steven Caldwell
33.6%
Arsenal
Gael Clichy
33.2%
Nottingham Forest
Nigel Clough
33.1%
Sheffield Wednesday
Benito Carbone
33%
Wolves
Colin Cameron
32.6%
Club
Player
% Correct
Man City
Greg Cunningham
32.5%
Wimbledon
Kenny Cunningham
32.5%
West Brom
Adam Chambers
32.3%
Watford
James Chambers
32.3%
Sunderland
Jordan Cook
32%
Coventry
Paul Cook
32%
Chelsea
Ricardo Carvalho
31.9%
Bolton
Ivan Campo
31%
Blackburn
John Curtis
30.6%
Charlton
Jorge Costa
30.4%
Leeds
Lee Chapman
28.6%
Nottingham Forest
Mark Crossley
28.5%
Middlesbrough
Neil Cox
28.3%
West Brom
Simon Cox
28.3%
Derby
Malcolm Christie
28.3%
Coventry
Iyseden Christie
28.3%
Crystal Palace
Ian Cox
28.3%
Chelsea
Hernan Crespo
28.2%
Tottenham
Colin Calderwood
28.1%
Man Utd
Luke Chadwick
28.1%
Everton
Nick Chadwick
28.1%
Wigan
Tom Cleverley
27.8%
Newcastle
Fabricio Coloccini
27.7%
Wigan
Won-Hee Cho
27.6%
Watford
Alec Chamberlain
27.1%
Burnley
Jack Cork
26.4%
Sheffield Utd
Alan Cork
26.4%
Aston Villa
John Carew
26.2%
Stoke
Richard Cresswell
25.8%
Tottenham
Stephen Clemence
25.1%
West Ham
Jack Collison
25.1%
Everton
Danny Cadamarteri
24.7%
Tottenham
Vedran Corluka
24.6%
Tottenham
Pascal Chimbonda
24.1%
Swansea
Steven Caulker
24%
Sunderland
Jody Craddock
23.5%
Middlesbrough
Tom Craddock
23.5%
Man Utd
Terry Cooke
22.7%
Aston Villa
Stephen Cooke
22.6%
Nottingham Forest
Steve Chettle
22.4%
Leicester
Steve Claridge
21.3%
West Brom
Neil Clement
19.7%
Coventry
Philippe Clement
19.6%
Bolton
Owen Coyle
19.5%
Norwich
Danny Crow
19.4%
Man City
Keith Curle
18.7%
Man Utd
Chris Casper
18.3%
Man Utd
Jordi Cruyff
18.3%
Chelsea
Pierluigi Casiraghi
17.9%
Blackpool
Craig Cathcart
17.9%
Birmingham
Jamie Clapham
17.9%
Blackpool
Stephen Crainey
17.8%
Sunderland
Jack Colback
17.4%
QPR
Matthew Connolly
17%
Wigan
David Connolly
17%
Man City
Tony Coton
16.8%
Aston Villa
Carlos Cuellar
16.6%
Tottenham
Jason Cundy
16.3%
Arsenal
Marouane Chamakh
15.9%
Derby
Horacio Carbonari
15.8%
Man City
Lee Croft
15.7%
Blackburn
Gary Croft
15.7%
Man Utd
Michael Clegg
15.6%
Burnley
Clarke Carlisle
15%
Sunderland
Michael Chopra
14.7%
Norwich
Ian Crook
14.6%
Chelsea
Tony Cascarino
14.2%
Sheffield Utd
Tom Cowan
13.3%
Wigan
David Cotterill
13.3%
Wimbledon
Steve Cotterill
13.3%
Sunderland
Lorik Cana
13.1%
Club
Player
% Correct
Arsenal
Francis Coquelin
12.9%
Newcastle
Claudio Cacapa
12.9%
West Ham
Laurent Courtois
12.8%
Arsenal
Fabian Caballero
12.5%
Tottenham
Darren Caskey
12.5%
Hull
Daniel Cousin
12.4%
Bolton
Vincent Candela
11.7%
Liverpool
Bruno Cheyrou
11.6%
Tottenham
Radek Cerny
11.5%
Norwich
Ian Culverhouse
11.5%
Hull
Mark Cullen
11.3%
Blackburn
Gordon Cowans
10.8%
Norwich
Jamie Cureton
10.3%
Leicester
Danny Coyne
10.3%
West Ham
Chris Coyne
10.3%
Newcastle
Laurent Charvet
10.1%
Blackpool
David Carney
10%
Newcastle
James Crawford
9.8%
Man City
Lee Crooks
9.8%
Newcastle
James Coppinger
9.2%
Man Utd
Nicky Culkin
9.1%
West Brom
Richard Chaplow
8.6%
Hull
Tom Cairney
8.6%
Bolton
Julio Cesar
8.6%
Leicester
Brian Carey
8.5%
Bolton
Tamir Cohen
8.2%
Nottingham Forest
Gary Crosby
8.2%
Man City
Bernardo Corradi
8.2%
Aston Villa
Neil Cutler
8%
Coventry
Youssef Chippo
7.9%
Aston Villa
Martin Carruthers
7.8%
Norwich
Andrew Crofts
7.4%
Middlesbrough
Michael Cummins
7.3%
Newcastle
Daniel Cordone
7.3%
Bolton
Sasa Curcic
7.2%
Southampton
Martin Cranie
6.8%
Bolton
Gerald Cid
6.7%
Chelsea
Nick Colgan
6.1%
Man City
Felipe Caicedo
5.6%
Fulham
Philippe Christanval
5.5%
Reading
Bobby Convey
5.3%
Wolves
Mark Clyde
5.2%
Southampton
Glenn Cockerill
5%
Man City
Gerry Creaney
4.9%
Leeds
Andy Couzens
4.9%
Everton
Alex Cleland
4.7%
Leeds
Cyril Chapuis
4.3%
Southampton
Colin Cramb
4.2%
Charlton
Jamal Campbell-Ryce
4.1%
Bradford
Jorge Paulo Cadete
4%
Birmingham
Ferdinand Coly
3.8%
Wimbledon
Stewart Castledine
3.6%
Ipswich
Pablo Counago
3.3%
Charlton
Tony Caig
3.3%
QPR
Justin Channing
3.2%
Man City
Nery Castillo
3%
Everton
Segundo Castillo
3%
Middlesbrough
Andy Collett
2.6%
Southampton
Patrick Colleter
2.6%
West Brom
Cosmin Contra
2.5%
Sunderland
Patrice Carteron
2.4%
Chelsea
Nick Crittenden
2.4%
Portsmouth
Kostas Chalkias
2.3%
QPR
Trevor Challis
2.3%
Ipswich
Leo Cotterell
1.5%
Leicester
Peter Canero
1.4%
Southampton
Kleber Chala
1.3%
Sheffield Wednesday
Juan Cobian
1.2%
Watford
Johan Cavalli
1.2%
Newcastle
Helder Cristovao
0.2%
Quiz Playlist
Details
Report
Send in Message
Add To Playlist
More Info:
Appearances are correct as of September 1st 2011. Players are credited to the clubs they made the most appearances for.
Classic:
Type in answers that appear in a list
Quiz Source
Last Updated: Feb 16, 2017
Quiz Scoreboard
CHALLENGE
Sign Up to Join the Scoreboard
Show All
Scores
Hide
Comments
May contain spoilers
Recently Published
College Basketball Coaching Resumes
by pancakes188
Sports
9m
Billboard Blitz: Fleetwood Mac
by CooCooCachoo
Music
15s
Presidents Visiting Landmarks
by Hejman
History
7m
More to Explore
Quiz From the Vault
Featured Blog Post
Where Did the Easter Bunny Come From?
hide this ad
You Might Also Like...
Tags
Football Quiz
Premier League Quiz
Soccer Quiz
Today's Top Quizzes in Sports
Browse Sports
hide this ad
Today's Top Quizzes in Premier League
Browse Premier League
Top Contributed Quizzes in Sports
1
Les meilleurs buteurs des matchs entre le PSG et l’OM
2
2022 World Cup Stars
3
FIFA Club World Cup Champions
4
Les entraîneurs de l'OM et du PSG au 21e siècle
5
Criteria MLB: Left Handed Sluggers
6
AFC Teams Reveal (Wrong Answers Minefield)
7
5-to-1: UK Sports Teams
8
Name the Premier League winners with different clubs
9
5-to-1: FBS Animal Nicknames
10
Players with Multiple 50 Home Run Seasons
Explore More
Trending Topics
NBA
Marvel
Anime
Disney
Kpop
Crossword
Harry Potter
Soccer
Song
WWE
Puzzle
The Office
NFL
Country
Pokémon
hide this ad
More By:
salifou
Quiz
Plays
Rating
Category
Featured
Created
Was I Alive?
122,365
4.02
History
Oct 10, 2012
Sporcle UK
81,068
4.25
Miscellaneous
Sep 20, 2010
Geography Threesomes
65,876
4.63
Geography
Nov 25, 2012
Geography Threesomes II
58,231
4.61
Geography
Dec 1, 2012
Fictional Fiction
46,533
4.28
Literature
Oct 2, 2010
Go to Creator's Profile
Score Distribution
Quiz Creator Spotlight
salifou
Follow
Send a Message
Quizzes Created
-
Created Quiz Play Count
-
More By This Creator
Popular Quizzes Today
1
Find the US States - No Outlines Minefield
2
Find the Countries of Europe - No Outlines Minefield
3
The Countries of the World
4
Find the US States
5
Risky Map Clicking: Biggest States A-Z
6
US States
7
Popular People in 1961
8
Movies - When Are They Set?
More Sports Quizzes
2020 Sporting Champions by Subcategory
Editor's Pick
Trending Quizzes
Risky Map Clicking: Least Populous States A-Z
1-10 Letter G Words
1-10 Letter F Words
Risky Map Clicking: Next State Alphabetically
Click the Washington State Counties! (Map)
Recently Updated
Leaping Animals
pecheneg
Reality TV Shows (A-Z)
bhenderson79
Rickey Henderson's Hall of Fame Teammates
pecheneg
Champions League XIs: Arsenal
pecheneg
Quick Pick: Celebrities in WWE's Hall of Fame
aduchscher
A-Z Keypad Blitz II
pecheneg
Multiple Oscar Actors
pecheneg
Mystery Phrase Blitz: Oscar 'Best Actors'
pecheneg
F. Scott Fitzgerald Novels
LTH
Pick 3 Villains
ddd62291
Trending Topics
Kpop
Marvel
Disney
Anime
Crossword
NBA
Harry Potter
WWE
NFL
The Office
Puzzle
Country
Pokémon
Song
Soccer
Your Account Isn't Verified!
In order to create a playlist on Sporcle, you need to verify the email address you used during registration. Go to your
Sporcle Settings
to finish the process.
Report this User
Report this user for behavior that violates our
Community Guidelines
.
Details:
Send Report
Go to the Sporcle.com Mobile Site →
Comments